Dějiny evropské architektury I. /

Salvato in:
Dettagli Bibliografici
Autore principale: Mencl, Václav (Autore)
Altri autori: Soukupová, Helena (Redattore)
Natura: Libro
Lingua:ceco
Pubblicazione: Praha : Národní památkový ústav v spolupráci s Pamiatkovým úradom Slovenskej republiky, 2019
Edizione:1. vydanie
Soggetti:
Tags: Aggiungi Tag
Nessun Tag, puoi essere il primo ad aggiungerne!!

MARC

LEADER 00000nam a22000003a 4500
001 0091156
003 SK-STU
005 20220323133153.9
007 ta
008 211027s ----xo-----e------000-0-----d
020 |a 978-80-88339-04-5 
020 |a 978-80-88339-05-2 (1. diel) 
040 |a STU  |b slo 
041 0 |a cze 
044 |a xr 
100 1 |a Mencl, Václav  |4 aut 
245 1 0 |a Dějiny evropské architektury I. /  |c aut. Václav Mencl ; ed. Helena Soukupová 
250 |a 1. vydanie 
260 |a Praha :  |b Národní památkový ústav v spolupráci s Pamiatkovým úradom Slovenskej republiky,  |c 2019 
300 |a 208 s. 
650 0 7 |a staroveká architektúra 
650 0 7 |a dejiny architektúry 
650 0 7 |a Mezopotámia 
650 0 7 |a Egypt 
650 0 7 |a antika 
700 1 |a Soukupová, Helena  |4 edt 
996 |b 284AU09172  |c A* 12486/U  |l AAKNST  |s P  |a 0  |w 0091156_0001 
996 |b 284AU09173  |c A* 12487/U  |l AAKNAR  |s A  |a 24  |w 0091156_0002 
996 |b 284V037762  |c V* 53356/O-24516  |l VVT  |s A  |a 24  |w 0091156_0003 
996 |b 284AU10254  |c A* 13528/U  |l AAKNAR  |s A  |a 24  |w 0091156_0004